<?xml version="1.0" encoding="UTF-8"?><marc:collection xmlns:marc="http://www.loc.gov/MARC21/slim">
  <marc:record>
    <marc:leader>00000nam  2200000za 4500</marc:leader>
    <marc:controlfield tag="001">9.856154</marc:controlfield>
    <marc:controlfield tag="003">CaOODSP</marc:controlfield>
    <marc:controlfield tag="005">20221107155456</marc:controlfield>
    <marc:controlfield tag="007">cr |||||||||||</marc:controlfield>
    <marc:controlfield tag="008">180504s2018    onc    #ol|||f|0| 0|fre d</marc:controlfield>
    <marc:datafield tag="040" ind1=" " ind2=" ">
      <marc:subfield code="a">CaOODSP</marc:subfield>
      <marc:subfield code="b">fre</marc:subfield>
    </marc:datafield>
    <marc:datafield tag="041" ind1=" " ind2=" ">
      <marc:subfield code="a">fre</marc:subfield>
      <marc:subfield code="a">eng</marc:subfield>
    </marc:datafield>
    <marc:datafield tag="043" ind1=" " ind2=" ">
      <marc:subfield code="a">n-cn---</marc:subfield>
    </marc:datafield>
    <marc:datafield tag="086" ind1="1" ind2=" ">
      <marc:subfield code="a">YX4-2018/8-PDF</marc:subfield>
    </marc:datafield>
    <marc:datafield tag="110" ind1="1" ind2=" ">
      <marc:subfield code="a">Canada.</marc:subfield>
      <marc:subfield code="b">Statuts.</marc:subfield>
    </marc:datafield>
    <marc:datafield tag="245" ind1="1" ind2="3">
      <marc:subfield code="a">An Act to amend the Canada Business Corporations Act, the Canada Cooperatives Act, the Canada Not-for-profit Corporations Act and the Competition Act </marc:subfield>
      <marc:subfield code="h">[ressource électronique] = </marc:subfield>
      <marc:subfield code="b">Loi modifiant la Loi canadienne sur les sociétés par actions, la Loi canadienne sur les coopératives, la Loi canadienne sur les organisations à but non lucratif et la Loi sur la concurrence.</marc:subfield>
    </marc:datafield>
    <marc:datafield tag="246" ind1="3" ind2="1">
      <marc:subfield code="a">Loi modifiant la Loi canadienne sur les sociétés par actions, la Loi canadienne sur les coopératives, la Loi canadienne sur les organisations à but non lucratif et la Loi sur la concurrence</marc:subfield>
    </marc:datafield>
    <marc:datafield tag="260" ind1=" " ind2=" ">
      <marc:subfield code="a">[Ottawa] : </marc:subfield>
      <marc:subfield code="b">Statuts, </marc:subfield>
      <marc:subfield code="c">2018.</marc:subfield>
    </marc:datafield>
    <marc:datafield tag="300" ind1=" " ind2=" ">
      <marc:subfield code="a">iii, 45 p.</marc:subfield>
    </marc:datafield>
    <marc:datafield tag="490" ind1="1" ind2=" ">
      <marc:subfield code="a">Lois du Canada ..., chapitre ... ; </marc:subfield>
      <marc:subfield code="v">Lois du Canada 2018, chapitre 8, 1re session, 42e législature</marc:subfield>
    </marc:datafield>
    <marc:datafield tag="500" ind1=" " ind2=" ">
      <marc:subfield code="a">Titre de la couv.</marc:subfield>
    </marc:datafield>
    <marc:datafield tag="500" ind1=" " ind2=" ">
      <marc:subfield code="a">« Sanctionnée le 1er mai 2018, projet de loi C-25. »</marc:subfield>
    </marc:datafield>
    <marc:datafield tag="520" ind1=" " ind2=" ">
      <marc:subfield code="a">« La partie 1 modifie la Loi canadienne sur les sociétés par actions, la  Loi  canadienne  sur  les  coopératives  et  la  Loi  canadienne  sur les organisations à but non lucrative afin, notamment : a) de  réformer  certains  aspects  du  processus  d’élection  des administrateurs de certaines sociétés par actions et coopératives; b) de  moderniser  les  communications  entre  les  sociétés  paractions et leurs actionnaires ou entre les coopératives et leurs membres ou leurs détenteurs de parts de placement; c) d’établir  clairement  qu’il  est  interdit  aux  sociétés  et  aux coopératives de délivrer des titres au porteur; d) d’exiger  que  certaines  sociétés  présentent  aux  actionnaires  des  renseignements  relatifs  à  la  diversité  au  sein  des administrateurs et au sein des membres de la haute direction. La  partie  2  modifie  la  Loi  sur  la  concurrence  pour  rendre  la  notion  d’affiliation  applicable  à  un  plus  large  éventail  d’organisations d’affaires »--Sommaire, p. ii.</marc:subfield>
    </marc:datafield>
    <marc:datafield tag="546" ind1=" " ind2=" ">
      <marc:subfield code="a">Texte en français et en anglais.</marc:subfield>
    </marc:datafield>
    <marc:datafield tag="692" ind1="0" ind2="7">
      <marc:subfield code="2">gccst</marc:subfield>
      <marc:subfield code="a">Législation</marc:subfield>
    </marc:datafield>
    <marc:datafield tag="692" ind1="0" ind2="7">
      <marc:subfield code="2">gccst</marc:subfield>
      <marc:subfield code="a">Entreprise </marc:subfield>
    </marc:datafield>
    <marc:datafield tag="791" ind1=" " ind2=" ">
      <marc:subfield code="t">An Act to amend the Canada Business Corporations Act, the Canada Cooperatives Act, the Canada Not-for-profit Corporations Act and the Competition Act </marc:subfield>
      <marc:subfield code="e">eng</marc:subfield>
      <marc:subfield code="w">(CaOODSP)9.856151</marc:subfield>
    </marc:datafield>
    <marc:datafield tag="830" ind1="#" ind2="0">
      <marc:subfield code="a">Lois du Canada ..., chapitre ...</marc:subfield>
      <marc:subfield code="v">Lois du Canada 2018, chapitre 8, 1re session, 42e législature</marc:subfield>
      <marc:subfield code="w">(CaOODSP)9.500678</marc:subfield>
    </marc:datafield>
    <marc:datafield tag="856" ind1="4" ind2="0">
      <marc:subfield code="q">PDF</marc:subfield>
      <marc:subfield code="s">585 Ko</marc:subfield>
      <marc:subfield code="u">https://publications.gc.ca/collections/collection_2018/lois-statutes/YX4-2018-8.pdf</marc:subfield>
    </marc:datafield>
  </marc:record>
</marc:collection>
